[Event "RN-2011-0-00386"]
[Site "LSS email"]
[Date "2011.06.15"]
[Round "?"]
[White "Yong, Chong"]
[Black "Pauk, Jozef"]
[Result "0-1"]
[WhiteElo "805"]
[BlackElo "997"]
[PlyCount "86"]
[EventDate "2011.05.24"]
[EventType "tourn (corr)"]
[EventRounds "6"]
[EventCountry "GER"]
[SourceTitle "Telechess CBM 149"]
[Source "ChessBase"]
[SourceDate "2012.07.17"]
[SourceVersion "1"]
[SourceVersionDate "2012.07.17"]
[SourceQuality "1"]

1. d4 d5 2. c4 Nf6 3. Nc3 e6 4. Bg5 dxc4 5. e4 Nc6 6. e5 h6 7. Bh4 g5 8. Bg3 Nh7 9. Bxc4 Nxd4 10. Nge2 Nf5 11. Qxd8+ Kxd8 12. 0-0-0+ Ke7 13. f4 Ne3 14. Rd4 Nxg2 15. Rhd1 Ne3 16. Rg1 g4 17. Bh4+ f6 18. exf6+ Nxf6 19. Nb5 Bd7 20. Bxf6+ Kxf6 21. Rxd7 Nxc4 22. Rxg4 c6 23. Nbd4 e5 24. fxe5+ Nxe5 25. Rf4+ Kg6 26. Rxb7 Nd3+ 27. Kd2 Nxf4 28. Nxf4+ Kg5 29. Nfe6+ Kf6 30. Nf4 Rd8 31. Kc3 Ke5 32. Ng6+ Ke4 33. Nxh8 Rxd4 34. a3 Ra4 35. Rc7 c5 36. Nf7 Kd5 37. Rc8 Bg7+ 38. Kb3 Ra6 39. Rd8+ Ke6 40. Nh8 Rb6+ 41. Kc4 Bxb2 42. Re8+ Kd7 43. Re3 Bxh8 0-1

[Event "RN-2011-0-00386"]
[Site "LSS email"]
[Date "2011.06.14"]
[Round "?"]
[White "Yong, Chong"]
[Black "Lebduska, Daniel"]
[Result "1-0"]
[WhiteElo "805"]
[BlackElo "729"]
[PlyCount "53"]
[EventDate "2011.05.24"]
[EventType "tourn (corr)"]
[EventRounds "6"]
[EventCountry "GER"]
[SourceTitle "Telechess CBM 149"]
[Source "ChessBase"]
[SourceDate "2012.07.17"]
[SourceVersion "1"]
[SourceVersionDate "2012.07.17"]
[SourceQuality "1"]

1. d4 d5 2. c4 Nc6 3. Nc3 e6 4. Nf3 a6 5. cxd5 exd5 6. Bf4 Nf6 7. e3 Bb4 8. Qc2 0-0 9. Bd3 Ba5 10. 0-0 Nb4 11. Qb1 Nxd3 12. Qxd3 Re8 13. Rac1 b5 14. a3 g6 15. Ne2 Bf5 16. Qb3 Be4 17. Ne5 Nh5 18. Nc6 Qd7 19. Nxa5 Nxf4 20. Nxf4 c6 21. Nxc6 Rac8 22. Ne5 Qf5 23. Nxd5 Rcd8 24. Nf4 Kg7 25. Rc7 Rf8 26. Ne6+ Kf6 27. Nxd8 1-0

[Event "OP-2011-0-01587"]
[Site "LSS email"]
[Date "2011.06.12"]
[Round "?"]
[White "Raines, David T"]
[Black "Yong, Chong"]
[Result "1/2-1/2"]
[WhiteElo "999"]
[BlackElo "600"]
[PlyCount "59"]
[EventDate "2011.06.09"]
[EventType "tourn (corr)"]
[EventRounds "4"]
[EventCountry "GER"]
[SourceTitle "Telechess CBM 145"]
[Source "Chessbase"]
[SourceDate "2011.11.11"]
[SourceVersion "1"]
[SourceVersionDate "2011.11.11"]
[SourceQuality "1"]

1. d4 Nf6 2. Nf3 g6 3. c4 d5 4. cxd5 Nxd5 5. g3 Bg7 6. Bg2 c6 7. 0-0 Bg4 8. e3 Nd7 9. h3 Be6 10. Nc3 N7b6 11. Ne4 Qc8 12. Kh2 0-0 13. Nc5 Bd7 14. Bd2 Nc4 15. Bc3 Nd6 16. e4 Nc7 17. Qc2 Ne6 18. Nxd7 Qxd7 19. Rad1 Rad8 20. Ne5 Qc8 21. Qb3 Nb5 22. d5 Nxc3 23. Qxc3 cxd5 24. Qxc8 Rxc8 25. Nd3 dxe4 26. Bxe4 b6 27. Rc1 Rcd8 28. Rfd1 Rd4 29. Bf3 Rfd8 30. Be2 1/2-1/2